004660000a2200157000450024500610000065000180006165000210007965000160010065100260011665300300014204100130017270000250018570000240021010000190023477300550025310aFringed Myotis, Myotis thysanodes, in west-central Texas14aMurciélagos14aNuevos registros14aMigraciones 4dTexaspEstados Unidos gMyotiseMyotis thysanodes0 aInglés1 aHollander, Robert R.1 aManning, Richard W.1 aJones, J. Knox1 tSouthwestern Naturalist3458h1q149-150d1989g32